Cannibal (Expanded Edition)-Album (Kesha) - Statistics

General Stats
  • This quiz has been taken 17 times
  • The average score is 8 of 12
Answer Stats
Hint Answer % Correct
1. Cannibal
100%
7. Grow A Pear
78%
2. We R Who We R
78%
9. (Feat. Billboard) Animal - Billboard Remix
67%
12. (Feat. Dave Aude) Animal - Dave Aude Remix
67%
4. Blow
67%
3. Sleazy
67%
6. Crazy Beautiful Life
56%
8. c u next tuesday
56%
11. (Feat. Billboard) Take It Off - Billboard Radio Mix
56%
5. The Harold Song
56%
10. (Feat. Marc Jackson Burrows, Bimbo Jones Your Love Is My Drug - Bimbo Jones Radio
56%
No matching quizzes found
Score Distribution
Percent of People with Each Score
Percentile by Number Answered
Your Score History
You have not taken this quiz